[Event "BL 9394 Bamberg-HSK"]
[Site "?"]
[Date "1994.??.??"]
[Round "?.3"]
[White "Maus, So"]
[Black "Meister, P."]
[Result "1-0"]
[WhiteElo "2420"]
[BlackElo "2415"]
[PlyCount "151"]
[EventDate "1994.??.??"]

1. c4 e6 2. Nf3 d5 3. b3 Nf6 4. g3 Be7 5. Bg2 O-O 6. O-O c5 7. e3 b6 8. Bb2 Bb7
9. Qe2 Nc6 10. d3 Qc7 11. Nc3 a6 12. Rac1 Rad8 13. Rfd1 d4 14. exd4 cxd4 15.
Nb5 axb5 16. cxb5 Qd6 17. bxc6 Bxc6 18. Nxd4 Bxg2 19. Kxg2 Ra8 20. a4 b5 21.
Nxb5 Qd5+ 22. Kg1 Qxb3 23. Rc4 Rfc8 24. Nd4 Qb7 25. Rdc1 Rxc4 26. Rxc4 Nd5 27.
Nc6 Bf8 28. a5 Ra6 29. Qc2 Qb5 30. Bd4 h6 31. Qb2 Qxb2 32. Bxb2 Bd6 33. Bc1 Kf8
34. Bd2 Ke8 35. Nb8 Bxb8 36. Rc8+ Kd7 37. Rxb8 Nc7 38. Rf8 Ke7 39. Bb4+ Kf6 40.
Bc3+ Ke7 41. Rc8 Kd7 42. Rg8 g6 43. Rf8 Ke7 44. Rb8 Ra7 45. Kf1 Nd5 46. Bd2 h5
47. Ke2 Kd6 48. d4 Kc7 49. Rf8 Kc6 50. Kd3 Kb5 51. f3 Rc7 52. Rb8+ Ka6 53. g4
Ka7 54. Rf8 hxg4 55. fxg4 Rd7 56. h3 Rb7 57. Kc4 Rb2 58. Rxf7+ Ka6 59. Rf2 g5
60. Re2 Nf4 61. Rh2 Nd5 62. Kd3 Kb5 63. Rh1 Ra2 64. Bxg5 Rxa5 65. Bd2 Ra3+ 66.
Ke4 Ra2 67. Bf4 Rf2 68. Be5 Re2+ 69. Kf3 Re3+ 70. Kf2 Ra3 71. g5 Ra2+ 72. Kf3
Ra3+ 73. Kg4 Ra2 74. Rg1 Ne7 75. h4 Kc4 76. Kh5 1-0

[Event "BL 9394 Bamberg-HSK"]
[Site "?"]
[Date "1994.??.??"]
[Round "?.4"]
[White "Pribyl, M."]
[Black "Michaelsen, N."]
[Result "0-1"]
[WhiteElo "2360"]
[BlackElo "2430"]
[PlyCount "54"]
[EventDate "1994.??.??"]

1. e4 d5 2. exd5 Qxd5 3. Nc3 Qa5 4. d4 c6 5. Bc4 Bf5 6. Nf3 Nf6 7. Ne5 e6 8.
O-O Nbd7 9. Re1 Nxe5 10. dxe5 Ng4 11. Qe2 Bc5 12. Nd1 Bxc2 13. Bd2 Qd8 14. Qxg4
Qxd2 15. Ne3 Bg6 16. h4 O-O 17. h5 Bf5 18. Qf3 Bxe3 19. Rxe3 Qxb2 20. Rae1 Qd4
21. Be2 Rfd8 22. g4 Bc2 23. h6 Rd5 24. hxg7 Rxe5 25. Qf6 Rd5 26. Bf3 Qxf6 27.
Bxd5 cxd5 0-1

[Event "BL 9394 Bamberg-HSK"]
[Site "?"]
[Date "1994.??.??"]
[Round "?.5"]
[White "Reefschlaeger, H."]
[Black "Krauseneck, P."]
[Result "1/2-1/2"]
[WhiteElo "2385"]
[BlackElo "2310"]
[PlyCount "85"]
[EventDate "1994.??.??"]

1. b4 d5 2. Bb2 Nf6 3. Nf3 Bf5 4. d3 e6 5. b5 c5 6. Nbd2 Qb6 7. a4 a6 8. c4
axb5 9. axb5 Rxa1 10. Qxa1 Be7 11. g3 O-O 12. Bg2 h6 13. O-O Nbd7 14. e4 Bh7
15. Ne5 Qc7 16. Nxd7 Qxd7 17. Bc3 d4 18. Bb2 Bd6 19. Qa7 e5 20. Ra1 g5 21. Nb3
Qc7 22. Bc1 Kg7 23. Bd2 Rb8 24. Ba5 b6 25. Qxc7 Bxc7 26. Bd2 Rb7 27. Nc1 Bg6
28. f4 gxf4 29. gxf4 Bh5 30. h3 Nd7 31. f5 Bd8 32. Ra8 Bh4 33. Kf1 Bd1 34. Kg1
Nf8 35. Bf1 Nh7 36. Be2 Bxe2 37. Nxe2 Bg5 38. Bxg5 hxg5 39. Ng3 Nf6 40. Kg2 Kh7
41. Kf3 Kg7 42. Nh1 Nh5 43. Nf2 1/2-1/2

[Event "BL 9394 Bamberg-HSK"]
[Site "?"]
[Date "1994.??.??"]
[Round "?.8"]
[White "Held, M."]
[Black "Heinemann, T."]
[Result "0-1"]
[WhiteElo "2205"]
[BlackElo "2380"]
[PlyCount "114"]
[EventDate "1994.??.??"]

1. e4 c5 2. Nf3 d6 3. d4 cxd4 4. Qxd4 a6 5. Bg5 Nc6 6. Qd2 g6 7. c4 Bg7 8. Nc3
Nf6 9. Be2 O-O 10. O-O Be6 11. Rad1 Rc8 12. b3 Qa5 13. Bxf6 Bxf6 14. Nd5 Bxd5
15. Qxa5 Nxa5 16. exd5 Rc7 17. Nd2 b6 18. Ne4 Bg7 19. f4 Nb7 20. h4 a5 21. h5
a4 22. hxg6 hxg6 23. f5 axb3 24. axb3 Nc5 25. Nxc5 bxc5 26. fxg6 fxg6 27. Rxf8+
Kxf8 28. Kf2 Ra7 29. Rb1 Ra3 30. Kf3 Kf7 31. Bd3 Bd4 32. Kg3 Ra2 33. Be4 Bc3
34. Kg4 Kf6 35. Kg3 Kg5 36. Rc1 Bd4 37. Rb1 Re2 38. Bf3 Be5+ 39. Kh3 Rf2 40.
Rd1 Kf5 41. Rd3 Rf1 42. Rd1 Rf2 43. Rd3 Rb2 44. Bg4+ Kg5 45. Bd7 Rb1 46. g3 Rb2
47. Ba4 Bd4 48. Rd1 Be5 49. Rg1 Re2 50. Rg2 Re3 51. Rg1 Rf3 52. Kh2 Bd4 53. Rg2
Bf2 54. g4 Kh4 55. Kh1 Bg3 56. Re2 Kh3 57. Kg1 Rc3 0-1

[Event "BL 9394 Zähringen-Stadthagen"]
[Site "?"]
[Date "1994.??.??"]
[Round "?.1"]
[White "Lobron, E."]
[Black "Gavrikov, V."]
[Result "1/2-1/2"]
[WhiteElo "2570"]
[BlackElo "2590"]
[PlyCount "47"]
[EventDate "1994.??.??"]

1. d4 Nf6 2. c4 e6 3. Nf3 c5 4. e3 d5 5. a3 Nc6 6. Nc3 a6 7. cxd5 exd5 8. Be2
cxd4 9. exd4 Be7 10. O-O Ne4 11. Bd3 Nxc3 12. bxc3 O-O 13. h3 Be6 14. Re1 Qd7
15. Qc2 h6 16. Qb1 Bd6 17. Ra2 Rac8 18. Rae2 Rfe8 19. a4 Na5 20. Qc2 Nc4 21.
Qb3 Na5 22. Qc2 Nc4 23. Qb3 Na5 24. Qc2 1/2-1/2

[Event "BL 9394 Zähringen-Stadthagen"]
[Site "?"]
[Date "1994.??.??"]
[Round "?.2"]
[White "Mikhalchishin, A."]
[Black "Sax, G."]
[Result "0-1"]
[WhiteElo "2530"]
[BlackElo "2520"]
[PlyCount "70"]
[EventDate "1994.??.??"]

1. Nf3 Nf6 2. c4 c5 3. e3 g6 4. Nc3 Bg7 5. d4 O-O 6. Be2 cxd4 7. exd4 d5 8. O-O
Nc6 9. Bg5 dxc4 10. d5 Na5 11. b4 cxb3 12. axb3 Bd7 13. Ne5 Qc7 14. Nxd7 Nxd7
15. Nb5 Qe5 16. Rxa5 Qxg5 17. Rxa7 Rxa7 18. Nxa7 Rd8 19. Nc6 Ra8 20. Nb4 Be5
21. g3 Bd6 22. Nc2 h5 23. h4 Qe5 24. Bc4 Ra2 25. Re1 Qf5 26. Re2 Ne5 27. Nd4
Qg4 28. Kg2 Nxc4 29. bxc4 Rxe2 30. Nxe2 Qxc4 31. Qd2 b5 32. f3 b4 33. Nc1 b3
34. Qb2 Qc2+ 35. Qxc2 bxc2 0-1

[Event "BL 9394 Zähringen-Stadthagen"]
[Site "?"]
[Date "1994.??.??"]
[Round "?.4"]
[White "Schuh, H."]
[Black "Lau, R."]
[Result "1/2-1/2"]
[WhiteElo "2345"]
[BlackElo "2535"]
[PlyCount "85"]
[EventDate "1994.??.??"]

1. d4 d5 2. c4 e6 3. Nc3 c6 4. cxd5 exd5 5. Nf3 Bd6 6. Bg5 Ne7 7. e3 Qb6 8.
Bxe7 Bxe7 9. Qc2 Na6 10. a3 Bf5 11. Bd3 Bxd3 12. Qxd3 Nc7 13. O-O O-O 14. Ne5
Qb3 15. Nf3 Ne6 16. Nd2 Qb6 17. b4 a5 18. b5 a4 19. Rfb1 Qa7 20. Rb2 Bd6 21.
Rab1 Qa5 22. g3 Rfd8 23. bxc6 bxc6 24. Rb7 g6 25. Nf3 Ra7 26. Rxa7 Qxa7 27. Qc2
Ra8 28. Kg2 Qa6 29. h4 h5 30. Nd2 Ng7 31. Nf3 Nf5 32. e4 dxe4 33. Nxe4 Be7 34.
Nc5 Qa5 35. Rb4 Nxd4 36. Nxd4 Qxc5 37. Rxa4 Qd5+ 38. Kg1 Rxa4 39. Qxa4 c5 40.
Nc2 Qd1+ 41. Kg2 Qd5+ 42. Kg1 Qd1+ 43. Kg2 1/2-1/2

[Event "BL 9394 Zähringen-Stadthagen"]
[Site "?"]
[Date "1994.??.??"]
[Round "?.5"]
[White "Tischbierek, R."]
[Black "Vatter, HJ."]
[Result "1-0"]
[WhiteElo "2490"]
[BlackElo "2330"]
[PlyCount "71"]
[EventDate "1994.??.??"]

1. e4 c5 2. Nc3 Nc6 3. Nge2 g6 4. d4 cxd4 5. Nxd4 Bg7 6. Nb3 Nf6 7. Be2 O-O 8.
O-O d6 9. Bg5 a6 10. Re1 b5 11. Bf1 Re8 12. a4 b4 13. Nd5 Nxd5 14. exd5 Ne5 15.
a5 Nd7 16. Bc1 Nc5 17. Nd2 Bd7 18. Nc4 Bb5 19. Nb6 Ra7 20. Bxb5 axb5 21. Qe2
Na4 22. Qxb5 Nxb6 23. Be3 Nc8 24. Bxa7 Nxa7 25. Qxb4 Qa8 26. Qa4 Bxb2 27. Rab1
Bf6 28. a6 Rb8 29. Qd7 Rd8 30. Qb7 Re8 31. Re4 Kf8 32. Rc4 h5 33. c3 Kg7 34.
Rc7 h4 35. h3 Qxb7 36. Rbxb7 1-0

[Event "BL 9394 Zähringen-Stadthagen"]
[Site "?"]
[Date "1994.??.??"]
[Round "?.6"]
[White "Siegel, G."]
[Black "Keitlinghaus, L."]
[Result "1-0"]
[WhiteElo "2385"]
[BlackElo "2510"]
[PlyCount "113"]
[EventDate "1994.??.??"]

1. d4 d5 2. c4 c6 3. Nf3 Nf6 4. Nc3 a6 5. c5 Bf5 6. Bf4 Nbd7 7. h3 e6 8. e3 Be7
9. Bd3 Bxd3 10. Qxd3 O-O 11. O-O Re8 12. b4 Nf8 13. Bh2 Ng6 14. a4 Nd7 15. e4
dxe4 16. Nxe4 Nf6 17. Nd6 Bxd6 18. Bxd6 b5 19. Ra3 Nd5 20. Qd2 Qc8 21. Rfa1 Qb7
22. h4 f6 23. h5 Nh8 24. Qe1 Nf7 25. Bh2 Qc8 26. axb5 cxb5 27. Qb1 Nd8 28. h6
g6 29. Nd2 f5 30. Nf3 Nc6 31. Rb3 a5 32. bxa5 b4 33. Qd3 Rxa5 34. Rxa5 Nxa5 35.
Rb1 Nc6 36. Nd2 Qb7 37. Ra1 Ra8 38. Re1 Qa6 39. Qg3 f4 40. Qg5 Qd3 41. Bxf4
Qxd4 42. Be5 Nxe5 43. Rxe5 Ra1+ 44. Kh2 Qf4+ 45. Qxf4 Nxf4 46. c6 Rc1 47. Re4
Nd5 48. Rxe6 Kf7 49. Re5 Ne7 50. Rb5 Rxc6 51. Nf3 Rc2 52. Ng5+ Ke8 53. Nxh7 Nf5
54. Nf6+ Kf7 55. Ng4 Rc8 56. Rxb4 g5 57. Rb6 1-0

[Event "BL 9394 Zähringen-Stadthagen"]
[Site "?"]
[Date "1994.??.??"]
[Round "?.7"]
[White "Heissler, J."]
[Black "Gruenenwald, J."]
[Result "1-0"]
[WhiteElo "2425"]
[BlackElo "2320"]
[PlyCount "91"]
[EventDate "1994.??.??"]

1. e4 c5 2. Nf3 d6 3. c3 Nf6 4. d3 g6 5. Be2 Bg7 6. Nbd2 Nc6 7. O-O O-O 8. a3
Nh5 9. Re1 Nf4 10. Bf1 d5 11. exd5 Qxd5 12. Nc4 Ne6 13. a4 b6 14. Qe2 Ba6 15.
Qe4 Bxc4 16. Qxc4 Qxc4 17. dxc4 Rad8 18. g3 Na5 19. Be3 Rd6 20. Rad1 Rfd8 21.
Rxd6 Rxd6 22. Nd2 f5 23. Bg2 g5 24. Bd5 Kf8 25. Nf3 h6 26. h4 g4 27. Nd2 Nc6
28. f3 Ne5 29. Rf1 gxf3 30. Nxf3 Ng4 31. Bc1 Nc7 32. Nh2 Nxh2 33. Rxf5+ Ke8 34.
Bf7+ Kd7 35. Kxh2 Rd1 36. Bf4 e6 37. Rh5 Ke7 38. Bg6 e5 39. Bxh6 Bxh6 40. Rxh6
Rd2+ 41. Kh3 Rxb2 42. Rh7+ Kf6 43. h5 Ne6 44. Rf7+ Kg5 45. Rf5+ Kh6 46. Rxe5
1-0

[Event "BL 9394 Zähringen-Stadthagen"]
[Site "?"]
[Date "1994.??.??"]
[Round "?.8"]
[White "Herbrechtsmeier, C."]
[Black "Gauglitz, G."]
[Result "1-0"]
[WhiteElo "2320"]
[BlackElo "2420"]
[PlyCount "79"]
[EventDate "1994.??.??"]

1. e4 c5 2. Nf3 Nc6 3. d4 cxd4 4. Nxd4 Nf6 5. Nc3 e5 6. Ndb5 d6 7. Bg5 a6 8.
Na3 b5 9. Bxf6 gxf6 10. Nd5 Bg7 11. c3 f5 12. exf5 Bxf5 13. Nc2 Be6 14. g3 O-O
15. Bg2 a5 16. O-O Rb8 17. Qh5 Qd7 18. Nce3 f5 19. f4 b4 20. Rad1 bxc3 21. bxc3
Rb2 22. Nc4 Qa7+ 23. Kh1 Rxa2 24. Nxd6 e4 25. Nxe4 Kh8 26. Ng5 Bg8 27. Rfe1 Qf2
28. Qf3 Qc5 29. Nc7 Nd8 30. Ne8 Rf2 31. Qh5 Qxc3 32. Re7 Rd2 33. Nxg7 Nc6 34.
Rxd2 Qxd2 35. Bxc6 Rb8 36. Re2 Qc1+ 37. Kg2 Qxc6+ 38. Kh3 Qc4 39. Nxf5 Rb6 40.
Re7 1-0

[Event "BL 9394 HSK-Zähringen"]
[Site "?"]
[Date "1994.??.??"]
[Round "?.1"]
[White "Gavrikov, V."]
[Black "Wahls, M."]
[Result "1-0"]
[WhiteElo "2590"]
[BlackElo "2520"]
[PlyCount "79"]
[EventDate "1994.??.??"]

1. Nf3 Nf6 2. c4 c5 3. Nc3 e6 4. e3 g6 5. d4 Bg7 6. dxc5 Qa5 7. Nd2 Qxc5 8. Nb3
Qe7 9. Be2 O-O 10. e4 d6 11. O-O b6 12. Bg5 Bb7 13. Re1 h6 14. Bh4 g5 15. Bg3
Rd8 16. Bf1 Nc6 17. a4 Rab8 18. f3 Ba8 19. Qd2 Ne8 20. Bf2 Na5 21. Qc2 Rdc8 22.
Nxa5 bxa5 23. Rab1 Rb7 24. Nb5 a6 25. Nc3 Rcb8 26. b3 Rc7 27. Red1 Rc6 28. Bd3
Nf6 29. Qd2 Nd7 30. Ne2 Nc5 31. Bc2 Nb7 32. Ng3 Be5 33. Nh5 f6 34. f4 gxf4 35.
Nxf4 Nc5 36. Ng6 Qg7 37. Nxe5 fxe5 38. Qxa5 Rcc8 39. Bxc5 dxc5 40. Qxa6 {Zeit}
1-0

[Event "BL 9394 HSK-Zähringen"]
[Site "?"]
[Date "1994.??.??"]
[Round "?.2"]
[White "Ftacnik, L."]
[Black "Mikhalchishin, A."]
[Result "1/2-1/2"]
[WhiteElo "2565"]
[BlackElo "2530"]
[PlyCount "46"]
[EventDate "1994.??.??"]

1. d4 d5 2. c4 dxc4 3. Nf3 Nf6 4. Nc3 e6 5. e4 Bb4 6. Bg5 c5 7. Bxc4 cxd4 8.
Nxd4 Bxc3+ 9. bxc3 Nbd7 10. O-O Qa5 11. Bxf6 Nxf6 12. Bb5+ Bd7 13. Rb1 Bxb5 14.
Rxb5 Qxa2 15. e5 Nd7 16. Rxb7 Nb6 17. Qa1 Qd5 18. Rxa7 O-O 19. Nf3 Qc6 20. Rxa8
Rxa8 21. Qb1 Nd5 22. Ng5 g6 23. Ne4 Nxc3 1/2-1/2

[Event "BL 9394 HSK-Zähringen"]
[Site "?"]
[Date "1994.??.??"]
[Round "?.3"]
[White "Mann, C."]
[Black "Maus, So"]
[Result "1/2-1/2"]
[WhiteElo "2455"]
[BlackElo "2420"]
[PlyCount "112"]
[EventDate "1994.??.??"]

1. e4 Nf6 2. e5 Nd5 3. d4 d6 4. Nf3 dxe5 5. Nxe5 g6 6. c4 Nb6 7. Be2 Bg7 8. O-O
O-O 9. Be3 Be6 10. Qc2 N8d7 11. f4 c5 12. dxc5 Nxe5 13. cxb6 Nc6 14. bxa7 Bf5
15. Qc1 Nd4 16. Nc3 Nxe2+ 17. Nxe2 Qd3 18. Ng3 Bg4 19. h3 Bxb2 20. Qxb2 Qxe3+
21. Kh2 Be6 22. Nh5 gxh5 23. Rf3 Qe4 24. Rg3+ Bg4 25. Qf2 Qg6 26. hxg4 hxg4 27.
Re1 Rfd8 28. Rb3 Rd7 29. Rb5 g3+ 30. Qxg3 Qxg3+ 31. Kxg3 Rxa7 32. Re2 Kg7 33.
Kg4 h6 34. Reb2 Rc7 35. c5 e6 36. g3 Kg6 37. Kf3 Ra3+ 38. Kf2 Rc3 39. Rxb7
R7xc5 40. a4 Ra3 41. R2b3 Rxa4 42. Kf3 h5 43. R7b5 Rxb5 44. Rxb5 Ra3+ 45. Kg2
Rd3 46. Rg5+ Kh6 47. Kh3 Rd5 48. Rg8 Kh7 49. Ra8 Kg7 50. Kh4 f6 51. Re8 Kf7 52.
Rh8 Kg6 53. Rg8+ Kf7 54. Rh8 Rd1 55. Rxh5 Kg6 56. Ra5 f5 1/2-1/2

[Event "BL 9394 HSK-Zähringen"]
[Site "?"]
[Date "1994.??.??"]
[Round "?.4"]
[White "Michaelsen, N."]
[Black "Schuh, H."]
[Result "1/2-1/2"]
[WhiteElo "2430"]
[BlackElo "2345"]
[PlyCount "106"]
[EventDate "1994.??.??"]

1. d4 Nf6 2. c4 e6 3. Nc3 d5 4. Bg5 Nbd7 5. e3 Be7 6. Nf3 O-O 7. Rc1 c6 8. Bd3
dxc4 9. Bxc4 Nd5 10. Bxe7 Qxe7 11. O-O Nxc3 12. Rxc3 e5 13. Qb1 exd4 14. exd4
Nf6 15. Re1 Qd6 16. h3 Bd7 17. Rce3 Rae8 18. Re5 Be6 19. Bxe6 Rxe6 20. Ng5 Rxe5
21. dxe5 Qd5 22. Nf3 Ne8 23. Rd1 Qb5 24. Rd7 g6 25. b3 Ng7 26. Qd1 Ne6 27. Qd2
a5 28. h4 b6 29. Rd6 a4 30. Qc2 axb3 31. axb3 c5 32. h5 gxh5 33. Qf5 Ng7 34.
Qe4 Ne6 35. Qe3 Qb4 36. g3 Qg4 37. Rxb6 Rd8 38. Kg2 Rd3 39. Nh2 Qf5 40. Qh6
Qe4+ 41. Kg1 Qxe5 42. Rc6 Qf5 43. Rc8+ Rd8 44. Rxd8+ Nxd8 45. Qe3 Ne6 46. Nf3
Qd5 47. Kh2 h6 48. Nh4 Qg5 49. Qe4 Qd2 50. Kg2 Qd4 51. Qa8+ Kh7 52. Qf3 Ng5 53.
Qf5+ Kg8 1/2-1/2

[Event "BL 9394 HSK-Zähringen"]
[Site "?"]
[Date "1994.??.??"]
[Round "?.5"]
[White "Vatter, HJ."]
[Black "Reefschlaeger, H."]
[Result "1/2-1/2"]
[WhiteElo "2330"]
[BlackElo "2385"]
[PlyCount "26"]
[EventDate "1994.??.??"]

1. e4 a6 2. d4 b5 3. Bd3 Bb7 4. Qe2 Nf6 5. Nf3 e6 6. O-O c5 7. c3 Nc6 8. Bg5
cxd4 9. cxd4 h6 10. Bd2 Qb6 11. d5 Nb4 12. dxe6 dxe6 13. e5 Nfd5 1/2-1/2

[Event "BL 9394 HSK-Zähringen"]
[Site "?"]
[Date "1994.??.??"]
[Round "?.6"]
[White "Mowsziszian, K."]
[Black "Siegel, G."]
[Result "1/2-1/2"]
[WhiteElo "2490"]
[BlackElo "2385"]
[PlyCount "125"]
[EventDate "1994.??.??"]

1. d4 Nf6 2. c4 e6 3. Nf3 b6 4. g3 Ba6 5. b3 Bb4+ 6. Bd2 Be7 7. Bg2 c6 8. O-O
d5 9. Bc3 O-O 10. Nbd2 Nbd7 11. Re1 c5 12. e4 dxe4 13. Nxe4 Nxe4 14. Rxe4 Bb7
15. Re3 cxd4 16. Nxd4 Bxg2 17. Kxg2 Bf6 18. Nc6 Qc7 19. Qf3 Rac8 20. Rd1 Rfe8
21. Bxf6 Nxf6 22. Ne5 a6 23. g4 Red8 24. Red3 Rxd3 25. Qxd3 h5 26. Qd6 Qb7+ 27.
Kg1 hxg4 28. Rd4 b5 29. Nxg4 Ne8 30. Qb4 Qf3 31. Ne5 Qe2 32. Nd7 Qh5 33. Qf8+
Kh7 34. h3 bxc4 35. bxc4 f5 36. Nf6+ Nxf6 37. Qxc8 e5 38. Rd3 Ne4 39. Qd8 Ng5
40. Kg2 Ne6 41. Qd7 Nc5 42. Qd5 Nxd3 43. Qxd3 Qg6+ 44. Kf1 e4 45. Qd5 f4 46.
Ke2 Kh6 47. c5 Qe8 48. c6 e3 49. Qd6+ Kh7 50. Qd3+ Kh6 51. Qd6+ Kh7 52. f3 Qf7
53. Qd3+ Kh8 54. Qd8+ Kh7 55. c7 Qxa2+ 56. Kd3 Qb1+ 57. Kd4 Qb4+ 58. Kd5 Qb7+
59. Kd6 e2 60. Qh4+ Kg8 61. Qd8+ Kh7 62. Qh4+ Kg8 63. Qd8+ 1/2-1/2

[Event "BL 9394 HSK-Zähringen"]
[Site "?"]
[Date "1994.??.??"]
[Round "?.7"]
[White "Gruenenwald, J."]
[Black "Sievers, S."]
[Result "1/2-1/2"]
[WhiteElo "2320"]
[BlackElo "2330"]
[PlyCount "25"]
[EventDate "1994.??.??"]

1. d4 Nf6 2. c4 a6 3. f3 d6 4. e4 e5 5. d5 Be7 6. Be3 O-O 7. Qd2 c6 8. Bd3 b5
9. b3 bxc4 10. bxc4 Nfd7 11. Ne2 Nc5 12. Bc2 h6 13. g3 1/2-1/2

[Event "BL 9394 HSK-Zähringen"]
[Site "?"]
[Date "1994.??.??"]
[Round "?.8"]
[White "Heinemann, T."]
[Black "Herbrechtsmeier, C."]
[Result "1/2-1/2"]
[WhiteElo "2380"]
[BlackElo "2320"]
[PlyCount "26"]
[EventDate "1994.??.??"]

1. e4 e5 2. Bc4 Nf6 3. d3 c6 4. Nf3 Be7 5. O-O Qc7 6. Re1 O-O 7. Bb3 d6 8. Nbd2
Nbd7 9. c3 d5 10. Bc2 dxe4 11. Nxe4 Nxe4 12. dxe4 b6 13. Nd2 Nc5 1/2-1/2

[Event "BL 9394 Stadthagen-Bamberg"]
[Site "?"]
[Date "1994.??.??"]
[Round "?.1"]
[White "Pfleger, He"]
[Black "Lobron, E."]
[Result "1/2-1/2"]
[WhiteElo "2485"]
[BlackElo "2570"]
[PlyCount "101"]
[EventDate "1994.??.??"]

1. Nf3 d6 2. d4 Bg4 3. c4 Nd7 4. Nc3 e5 5. e3 Ngf6 6. Be2 c6 7. O-O Be7 8. b3
O-O 9. Bb2 Re8 10. Qc2 Bf8 11. dxe5 dxe5 12. Rad1 e4 13. Nd4 Qc7 14. h3 Bxe2
15. Ncxe2 g6 16. Bc3 Bg7 17. Nf4 a6 18. Qb2 Re7 19. Rd2 Rae8 20. Rfd1 Ne5 21.
Nc2 g5 22. Ne2 Nh5 23. Ne1 f5 24. Qa3 f4 25. Qd6 Qxd6 26. Rxd6 Nf7 27. Rd7 Bxc3
28. Nxc3 Nf6 29. Rxe7 Rxe7 30. Nc2 Kg7 31. Na4 Kg6 32. Nc5 a5 33. Nd4 Ne5 34.
Ne2 fxe3 35. fxe3 b6 36. Na4 b5 37. Nb2 Rd7 38. Rxd7 Nfxd7 39. cxb5 cxb5 40.
Nc3 Nd3 41. Nxd3 exd3 42. Nxb5 Nc5 43. Nc3 g4 44. hxg4 Kg5 45. Kf2 Kxg4 46. Nd5
Ne4+ 47. Ke1 h5 48. a3 Kg3 49. Nf4 h4 50. Ng6 Kg4 51. Ne5+ 1/2-1/2

[Event "BL 9394 Stadthagen-Bamberg"]
[Site "?"]
[Date "1994.??.??"]
[Round "?.2"]
[White "Sax, G."]
[Black "Pribyl, J."]
[Result "1-0"]
[WhiteElo "2520"]
[BlackElo "2395"]
[PlyCount "67"]
[EventDate "1994.??.??"]

1. e4 c5 2. Nc3 Nc6 3. Nge2 e5 4. Nd5 Nf6 5. Nec3 d6 6. Nxf6+ Qxf6 7. Nd5 Qd8
8. Bc4 Be7 9. O-O O-O 10. d3 Bg5 11. Qh5 Bxc1 12. Raxc1 Ne7 13. Ne3 g6 14. Qh6
Kh8 15. f4 Ng8 16. Qg5 Qxg5 17. fxg5 Kg7 18. Bd5 h6 19. Nc4 hxg5 20. Nxd6 Nf6
21. Bc4 a6 22. Rf2 b5 23. Rcf1 bxc4 24. Rxf6 cxd3 25. Rxf7+ Rxf7 26. Rxf7+ Kg8
27. cxd3 Be6 28. Re7 Bxa2 29. Rxe5 Rd8 30. Re8+ Rxe8 31. Nxe8 Bb1 32. Nf6+ Kf7
33. Nd7 Bxd3 34. Ne5+ 1-0

[Event "BL 9394 Stadthagen-Bamberg"]
[Site "?"]
[Date "1994.??.??"]
[Round "?.3"]
[White "Meister, P."]
[Black "Knaak, R."]
[Result "0-1"]
[WhiteElo "2415"]
[BlackElo "2530"]
[PlyCount "92"]
[EventDate "1994.??.??"]

1. d4 g6 2. c4 Bg7 3. Nc3 d6 4. e4 Nd7 5. Nf3 e5 6. Be2 Ngf6 7. O-O O-O 8. Qc2
Nh5 9. Rd1 Nf4 10. Bf1 c5 11. dxe5 dxe5 12. Bxf4 exf4 13. e5 Qe8 14. Nd5 Nxe5
15. Nc7 Bf5 16. Qb3 Nxf3+ 17. gxf3 Qe7 18. Nxa8 Rxa8 19. Re1 Qg5+ 20. Kh1 b6
21. Rad1 Bd4 22. Rd2 Qh4 23. Ree2 Bd7 24. Bg2 Bc6 25. Qd1 Rd8 26. b4 Qf6 27. b5
Bb7 28. Re1 Bc8 29. Qe2 Be6 30. Qf1 Qf5 31. a4 h5 32. a5 bxa5 33. Ra1 Re8 34.
Ra3 Qf6 35. Qc1 Bf5 36. Bf1 Re6 37. Raa2 Bc3 38. Re2 Rd6 39. Ra3 Bb4 40. Ra1
Kh7 41. h3 Bd2 42. Qa3 Rd3 43. Qa4 Bc3 44. Rd1 Rxf3 45. b6 Qh4 46. Kg1 Bxh3 0-1

[Event "BL 9394 Stadthagen-Bamberg"]
[Site "?"]
[Date "1994.??.??"]
[Round "?.4"]
[White "Lau, R."]
[Black "Pribyl, M."]
[Result "1/2-1/2"]
[WhiteElo "2535"]
[BlackElo "2360"]
[PlyCount "111"]
[EventDate "1994.??.??"]

1. e4 d6 2. d4 Nf6 3. Nc3 g6 4. f4 Bg7 5. Nf3 O-O 6. Be3 b6 7. Bd3 Bb7 8. Qe2
c5 9. O-O-O Nc6 10. e5 Ng4 11. Be4 Nxe3 12. Qxe3 cxd4 13. Nxd4 Rc8 14. h4 Qe8
15. h5 dxe5 16. fxe5 Nxd4 17. Bxb7 Rxc3 18. bxc3 Nf5 19. Qd3 Qa4 20. hxg6 hxg6
21. Be4 e6 22. Bxf5 exf5 23. Qd5 Qa3+ 24. Kb1 Qxc3 25. Rh3 Qxe5 26. Qxe5 Bxe5
27. Rd7 a5 28. Rb3 Rb8 29. Rd5 Bg7 30. Kc1 Re8 31. Rxb6 Re1+ 32. Kd2 Rg1 33.
Rxa5 Rxg2+ 34. Kd3 Rg3+ 35. Kc4 Rc3+ 36. Kd5 Rxc2 37. Ra8+ Kh7 38. Rb7 Rd2+ 39.
Kc4 g5 40. Rxf7 Kg6 41. Rb7 Be5 42. Ra6+ Kh5 43. Rb5 Rd4+ 44. Kb3 Re4 45. Re6
Bf4 46. Rxe4 fxe4 47. Rb4 e3 48. Kc2 Kg4 49. Kd3 Kf3 50. Rb1 Bg3 51. Rb7 e2 52.
Rf7+ Bf4 53. Re7 g4 54. a4 g3 55. Rxe2 g2 56. Rxg2 1/2-1/2

[Event "BL 9394 Stadthagen-Bamberg"]
[Site "?"]
[Date "1994.??.??"]
[Round "?.5"]
[White "Krauseneck, P."]
[Black "Tischbierek, R."]
[Result "0-1"]
[WhiteElo "2310"]
[BlackElo "2490"]
[PlyCount "112"]
[EventDate "1994.??.??"]

1. e4 c5 2. Nf3 Nc6 3. Bb5 g6 4. O-O Bg7 5. c3 Nf6 6. e5 Nd5 7. d4 cxd4 8. cxd4
O-O 9. Nc3 Nc7 10. Bf4 Nxb5 11. Nxb5 a6 12. Nc3 d6 13. exd6 Bg4 14. d5 Nd4 15.
Qd3 Bxf3 16. dxe7 Qxe7 17. gxf3 Qf6 18. Bg3 Nxf3+ 19. Kg2 Nh4+ 20. Kh1 Nf5 21.
Rae1 Qb6 22. Be5 Rfe8 23. Bxg7 Kxg7 24. Re2 Rxe2 25. Qxe2 Qf6 26. Rd1 Nd6 27.
f3 Re8 28. Qf2 b5 29. Rd4 Re1+ 30. Kg2 Qg5+ 31. Rg4 Qe5 32. Re4 Rxe4 33. fxe4
b4 34. Ne2 Qxe4+ 35. Qf3 Qe5 36. b3 Nf5 37. Qd3 Ne3+ 38. Kf3 Nxd5 39. Qxa6 Qxh2
40. Qd3 Qe5 41. Qd2 h5 42. Nc1 h4 43. Nd3 Qg3+ 44. Ke4 Nf6+ 45. Kd4 h3 46. Kc4
h2 47. Nf2 Qxf2 48. Qxf2 h1=Q 49. Kxb4 g5 50. a4 Qe4+ 51. Kc3 g4 52. a5 Qe5+
53. Kb4 g3 54. Qd2 Qe4+ 55. Kc3 g2 56. Qf2 Ng4 0-1

[Event "BL 9394 Stadthagen-Bamberg"]
[Site "?"]
[Date "1994.??.??"]
[Round "?.8"]
[White "Gauglitz, G."]
[Black "Held, M."]
[Result "1-0"]
[WhiteElo "2420"]
[BlackElo "2205"]
[PlyCount "95"]
[EventDate "1994.??.??"]

1. d4 Nf6 2. Nf3 d6 3. c4 g6 4. g3 Bg7 5. Bg2 O-O 6. O-O Nc6 7. d5 Na5 8. Nfd2
c5 9. Nc3 a6 10. Rb1 Rb8 11. b3 b5 12. Bb2 bxc4 13. bxc4 Bh6 14. Ba1 Bd7 15. e3
Bf5 16. e4 Bd7 17. f4 e5 18. Rxb8 Qxb8 19. Ne2 Ng4 20. Rf3 f5 21. Ra3 exf4 22.
Nxf4 Qd8 23. h3 Ne5 24. Qc2 fxe4 25. Qxe4 Re8 26. Qc2 Bxf4 27. gxf4 Nexc4 28.
Nf3 Qe7 29. Rd3 Rb8 30. Bf1 Bf5 31. Qc3 Bxd3 32. Bxd3 Qe3+ 33. Kg2 Ne5 34. fxe5
Rf8 35. Bxa6 Rxf3 36. Qxe3 Rxe3 37. exd6 Kf7 38. d7 Ke7 39. Bc8 Nb7 40. Bxb7
Kxd7 41. Bc6+ Kd6 42. Bg7 c4 43. Bf8+ Kc7 44. Bb5 c3 45. d6+ Kc8 46. d7+ Kc7
47. Bd6+ Kd8 48. Bb4 1-0

[Event "BL 9394 Erfurt-München 36"]
[Site "?"]
[Date "1994.??.??"]
[Round "?.1"]
[White "Hertneck, G."]
[Black "Kuczynski, R."]
[Result "1/2-1/2"]
[WhiteElo "2615"]
[BlackElo "2510"]
[PlyCount "84"]
[EventDate "1994.??.??"]

1. d4 d5 2. c4 c6 3. Nf3 Nf6 4. Nc3 e6 5. Bg5 h6 6. Bxf6 Qxf6 7. e3 Nd7 8. Bd3
dxc4 9. Bxc4 g6 10. O-O Bg7 11. e4 e5 12. d5 Nb6 13. Be2 O-O 14. a4 a5 15. Nd2
Rd8 16. Nc4 Nxc4 17. Bxc4 Bf8 18. Qe2 Qg5 19. Qe3 Bd7 20. Rad1 Qxe3 21. fxe3
Be8 22. dxc6 bxc6 23. Kf2 Rxd1 24. Rxd1 Rb8 25. b3 h5 26. h3 Bc5 27. g4 hxg4
28. hxg4 Kf8 29. Ke2 Ke7 30. Rf1 Rd8 31. Na2 Ba3 32. g5 Rb8 33. Nc1 Bxc1 34.
Rxc1 Bd7 35. Rf1 Bg4+ 36. Kd2 Be6 37. Bxe6 fxe6 38. Kc3 Rb4 39. Rf6 Rxe4 40.
Kd3 Rb4 41. Kc3 Re4 42. Kd3 Rb4 1/2-1/2

[Event "BL 9394 Erfurt-München 36"]
[Site "?"]
[Date "1994.??.??"]
[Round "?.2"]
[White "Casper, T."]
[Black "Stohl, I."]
[Result "1/2-1/2"]
[WhiteElo "2440"]
[BlackElo "2560"]
[PlyCount "82"]
[EventDate "1994.??.??"]

1. Nc3 c5 2. Nf3 Nc6 3. d4 cxd4 4. Nxd4 g6 5. g3 Bg7 6. Nb3 Nf6 7. Bg2 O-O 8.
O-O d6 9. Ne4 Nxe4 10. Bxe4 Bh3 11. Re1 Qc7 12. c3 Ne5 13. Nd4 Nc4 14. Nc2 Bd7
15. Ne3 Bc6 16. Bxc6 Nxe3 17. Bxe3 bxc6 18. Bd4 e5 19. Be3 f5 20. Qd2 d5 21.
Bh6 Bxh6 22. Qxh6 f4 23. e3 Rf5 24. Qh4 fxg3 25. hxg3 Raf8 26. Re2 Qf7 27. Qh2
e4 28. Qg2 Rf3 29. Rc1 Qe6 30. b3 Kg7 31. c4 d4 32. exd4 e3 33. Rf1 R8f7 34. d5
cxd5 35. cxd5 Qe5 36. Rxe3 Rxe3 37. fxe3 Qxe3+ 38. Kh2 Qh6+ 39. Kg1 Qe3+ 40.
Kh2 Qh6+ 41. Kg1 Qe3+ 1/2-1/2